| 000 | 01049cam a2200301 a 4500 | ||
|---|---|---|---|
| 999 |
_c431 _d431 |
||
| 001 | 016574156 | ||
| 003 | UkOxU | ||
| 005 | 20190814140602.0 | ||
| 008 | 060320s2006 enk d 000 0|eng|| | ||
| 015 |
_aGBA633350 _2bnb |
||
| 020 | _a9780199298525 (pbk) | ||
| 020 | _a0199298521 (pbk) | ||
| 035 | _a(Uk)013431168 | ||
| 040 |
_aStDuBDS _dUkOxU _cKH8 |
||
| 041 | 0 |
_aeng _ajpn |
|
| 082 | 0 | 4 |
_a495.632 OXF _222 |
| 245 | 0 | 0 |
_aOxford beginner's Japanese dictionary / _cedited by Jonathan Bunt with Gillian Hall. |
| 260 |
_aOxford : _bOxford University Press, _c2006. |
||
| 300 |
_axvi, 464 p. : _bill. ; _c20 cm. |
||
| 500 | _aFirst published as The Oxford Starter Japanese Dictionary 2000. | ||
| 650 | 0 |
_aJapanese language _vDictionaries _xEnglish. |
|
| 650 | 0 |
_aEnglish language _vDictionaries _xJapanese. |
|
| 700 | 1 | _aBunt, Jonathan. | |
| 700 | 1 | _aHall, Gillian. | |
| 942 |
_2ddc _cREF |
||